| 000 | 00323nam a22001337a 4500 | ||
|---|---|---|---|
| 003 | SGT | ||
| 020 | _a97805821683166 | ||
| 082 |
_a338.91 _bMUR |
||
| 100 | _aMURPHY N CRAIG | ||
| 245 |
_aTHE UNITED NATIONS DEVELOPMENT PROGRAMME _bA BETTER WAY |
||
| 260 |
_aUK _bCAMBRIDGE UNIVERSITY _c2006 |
||
| 300 | _a372 | ||
| 942 |
_2ddc _cBK |
||
| 999 |
_c33347 _d33347 |
||